ნორმალური ფორმატი
MARC ფორმატი
ჩანაწერი Personal Name
ჩანაწერთა რაოდენობა, რომელიც გამოყენებულია: 1
001 - CONTROL NUMBER
- control field: 23752
003 - CONTROL NUMBER IDENTIFIER
- control field: GE_BSU
005 - DATE AND TIME OF LATEST TRANSACTION
- control field: 20241119175719.0
008 - FIXED-LENGTH DATA ELEMENTS
- fixed length control field: 241119|| aca||aabn | a|a d
040 ## - CATALOGING SOURCE
- Original cataloging agency: GE_BSU
- Transcribing agency: GE_BSU
100 ## - HEADING--PERSONAL NAME
- Personal name: კენკიშვილი, კახაბერ
- Relator term: შემდგენელი
670 ## - SOURCE DATA FOUND
- Source citation: Work cat.: (GE_BSU)47815: მოწყალენი : წმინდა მარტინე ტურელი, ნეტარი ბონიფანტე, ნეტარი იოანე, წმინდა ფილარეტი, წმინდა პავლინე,ღირსი ზოტიკე ხუცი, ღირსი თეოფანე მოწყალე, მართალი იობი, ნეტარი სამსონი /
